| 000 | 00804nam a2200229Ii 4500 | ||
|---|---|---|---|
| 003 | JO-AjNU | ||
| 008 | 230605s9999||||xx |||||||||||||| ||und|| | ||
| 017 | _a4250/11/2012 | ||
| 020 | _a978-9957-92-023-4 | ||
| 040 |
_aJO-AjNU _bara _erda _cJO-AjNU |
||
| 041 | _aara | ||
| 050 | 1 | 4 | _aD421.H3742 2013 |
| 100 | 3 |
_aالهاشمي، اياد علي, _eauthor _960184 |
|
| 245 | 0 | 0 | _aتاريخ العالم الجديد |
| 250 | _aط1 | ||
| 264 | 3 | 1 | _aعمان:دار الفكر، 2013 |
| 300 |
_a536ص _bيحتوي على ملاحق وخرائط من ص464-517ص ويحتوي على مصادر ومراجع من ص518-536ص |
||
| 336 |
_atext _btxt _2rdacontent |
||
| 337 |
_aunmediated _bn _2rdamedia |
||
| 338 |
_avolume _bnc _2rdacarrier |
||
| 650 | 4 |
_aالعالم الجديد - تاريخ _960185 |
|
| 999 |
_aA27125 _c30693 _d30693 |
||